• 首页
  • 本馆介绍
  • 公告通知
  • 最新文献
  • 馆藏检索
  • 电子资源
  • 读者导购
  • 参考咨询
  • 我的图书馆
  • 登录
  • 详细信息显示
  • 放入我的书架
  • 预约/预借图书
  • 作者相关作品
  • 分类相关作品
  • 丛书相关作品
  • 出版社相关作品

书目信息

  • 表格格式
  • 工作单格式
  • 卡片格式
题名:
教育中的新信息技术
    
 
作者: 霍克里奇 , Hawkridge 著 ;王晓明 , 王伟廉 译
分册:  
出版信息: 北京   中央民族学院出版社  1986
页数: 274页
开本: 19cm
丛书名:
单 册:
中图分类: G40-05 , G4
科图分类:
主题词: 信息技术-应用-教育 , 教育-信息技术-应用 , 教育
电子资源:
ISBN:
000 01031nam0 2200337 45
001 0186019199
005 20040429155137.7
010    @dCNY1.50
091    @a7441.10
100    @a19900726d1986 emky0chiy0121 ea
101 1  @achi@ceng
102    @aCN@b110000
105    @ay z 000yy
106    @ar
200 10 @a教育中的新信息技术@Ajiao yu zhong de xin xin xi ji shu@f(英)霍克里奇(Hawkridge, D.)著@g王晓明, 王伟廉译
210    @a北京@c中央民族学院出版社@d1986
215    @a274页@d19cm
300    @a书名原文: New information technology in education
510 1  @aNew information technology in education@zeng
606    @a信息技术-应用-教育
606    @a教育-信息技术-应用
606 0  @a教育
690    @aG40-05@v3
690    @aG4
701  1 @a霍克里奇@Ahuo ke li qi@bD.@4著
701 A1 @aHawkridge@bD.@4著
702  0 @a王晓明@Awang xiao ming@4译
702  0 @a王伟廉@Awang wei lian@4译
801  0 @aCN@b深圳图书馆@c20040429
801  2 @aCN@bNLC@c20040429
905    @f4@b209618-621@f2@b260340-341@dG4@e16
    
    教育中的新信息技术/(英)霍克里奇(Hawkridge, D.)著/王晓明, 王伟廉译.-北京:中央民族学院出版社,1986
    274页;19cm
    书名原文: New information technology in education
    
    ISBN :CNY1.50
    
●
相关链接 在E读中查询图书 在五车中查询图书 在当当中查询图书 在豆瓣中查询图书


正题名:教育中的新信息技术     索取号:G4/16         预约/预借

序号 登录号 条形码 馆藏地/架位号 状态 备注
1 0209618   000310407   密集书库/ [索取号:G4/16] 在馆    
2 0209619   000310390   第四借阅区/ [索取号:G4/16] 在馆    
3 0209620   000310336   密集书库/ [索取号:G4/16] 在馆    
4 0209621   000310345   密集书库/ [索取号:G4/16] 在馆    
5 0209622   002055769   第一样本阅览室/ [索取号:G4/16] 在馆    
6 0260340   000310354   第四借阅区/ [索取号:G4/16] 在馆    
7 0260341   000310381   密集书库/ [索取号:G4/16] 在馆    
唐山师范学院图书馆 欢迎您!
大连网信软件有限公司© 版权所有